| Поле | Инд. | ПП | Название | Значение |
|---|---|---|---|---|
| Тип записи | a | |||
| Библиографический уровень | m | |||
| 001 | Контрольный номер | c6f497dbf1f04a66bb2a09c83099965b | ||
| 003 | Постоянный идентификатор записи | 0086735 | ||
| 005 | Дата корректировки | 20220114114119.7 | ||
| 010 | d | Цена | 0.00 | |
| 100 | a | Данные общей обработки | 20190305d2007 |||y0rusy50 ca | |
| 101 | 0_ | a | Язык текста | rus |
| 102 | a | Страна публикации | RU | |
| 105 | a | Кодированные данные (монография) | y a 000ay | |
| 200 | 1_ | a | Заглавие | Библиотечная среда Орловщины |
| e | Сведения, относящиеся к заглавию | материалы науч.-практ. конф. работников библиотек, представителей издательских и книготорговых организаций Орловской области, 15-16 мая 2007 г. | ||
| b | Общее обозначение материала | Текст | ||
| 210 | 1_ | a | Место издания | Орел |
| c | Издательство | Изд-во ОрелГТУ | ||
| d | Дата издания | 2007 | ||
| 215 | a | Объем | 128 с. | |
| 606 | a | Основная рубрика | Краеведение Орловской области | |
| 610 | 0_ | a | Ключевые слова | библиотечное дело |
| a | Ключевые слова | краеведение Орловской области | ||
| a | Ключевые слова | библиотека | ||
| 610 | 0_ | a | Ключевые слова | автоматизация |
| 610 | 0_ | a | Ключевые слова | полнотекстовые документы |
| 610 | 0_ | a | Ключевые слова | Госуниверситет - УНПК |
| 675 | a | Индекс УДК | 027.7(063) | |
| 801 | _0 | a | Страна | RU |
| b | Организация | Библиотека | ||
| c | Дата составления | 20190305 | ||
| g | Правила каталогизации | rusmarc | ||
| 852 | i | Авторский знак | Б 59 | |
| j | Шифр хранения | 02 | ||
| a | Наименование организации | Библиотека | ||
| b | Сигла хранения | аб № 1 | ||
| e | научный | |||
| m | Суффикс шифра хранения | 551980 | ||
| n | 15025/д | |||
| 852 | a | Наименование организации | Библиотека | |
| b | Сигла хранения | чз № 1 | ||
| e | научный | |||
| m | Суффикс шифра хранения | 551509 | ||
| n | 14894/д | |||
| 852 | a | Наименование организации | Библиотека | |
| b | Сигла хранения | СБО | ||
| e | научный | |||
| m | Суффикс шифра хранения | 551981 | ||
| n | 15026/д | |||
| i | Авторский знак | Б 59 | ||
| j | Шифр хранения | 02 | ||
| 852 | a | Наименование организации | Библиотека | |
| b | Сигла хранения | аб № 1 | ||
| e | научный | |||
| m | Суффикс шифра хранения | 551982 | ||
| n | 15027/д | |||
| 901 | t | Тип документа | m | |
| 938 | b | Имя БД | БД Liber | |
| c | Название АИБС | Либер | ||
| 952 | a | Тип литературы для КСУ ВШ | научная |